000 00300nam a2200121Ia 4500
008 190216s9999||||xx |||||||||||||| ||und||
100 _aSrivastava V L
245 0 _aInternational Politics And Relations
260 _bGoel Pub House
_c1991
300 _a217p
650 _aIndian History
942 _cBK
999 _c18688
_d18688